| 000 | 01296ngm a22003250a 4500 | ||
|---|---|---|---|
| 001 | PT47160 | ||
| 003 | AR-LpoUNG | ||
| 005 | 20210202000005.0 | ||
| 007 | vd cvaizq | ||
| 008 | 191001s2012||||xxu|||||||||||||||||spa d | ||
| 037 | _c$7 | ||
| 040 |
_aAR-LpoUNG _bspa _cAR-LpoUNG _eaacr |
||
| 041 |
_aspa _aeng |
||
| 044 | _axxu | ||
| 082 | 0 | _a808.068 658v4 | |
| 100 | 1 |
_aMartino, Steve _edir. |
|
| 245 | 1 | 3 | _aLa era de hielo = Ice age continental drift |
| 260 |
_aCalifornia : _bTwentieth Century Fox, _c2012. |
||
| 300 | _aDVD (87 min.) : son., col. | ||
| 505 | 0 | _aSubtítulada en inglés y español. | |
| 520 | _aLa persecución descabellada de Scrat de la bellota maldita, la que ha estado persiguiendo desde el principio de los tiempos, tiene consecuencias que van a cambiar el mundo, un cataclismo continental que desencadena la mayor aventura de todas para Manny, Diego y Sid. En la estela de esta conmoción, Sid se reencuentra con su refunfuñona abuelita, y la manada tropieza con una colección de desaliñados piratas marineros decididos a impedir su regreso a casa. | ||
| 653 | _aANIMACION | ||
| 653 | _aAVENTURA | ||
| 653 | _aDVD | ||
| 653 | _aVIDEOS | ||
| 653 | _aVIDEOS INFANTILES | ||
| 710 | 2 | _aBlue Sky Studios (Estados Unidos) | |
| 905 | _a47160 | ||
| 942 | _cDVD | ||
| 999 |
_c53922 _d53922 |
||